| 000 | 00569nam a2200241Ia 4500 | ||
|---|---|---|---|
| 008 | 171120s9999 xx 000 0 und d | ||
| 020 | _a953739821 | ||
| 050 | _a220 | ||
| 050 | _bB849 2000 | ||
| 100 | _aBrichto, Sidney | ||
| 245 | _aSongs of songs : | ||
| 245 | _bthe people's bible / | ||
| 245 | _cby Sidney Brichto. | ||
| 260 | _aGreat Britain : | ||
| 260 | _bSinclair-Stevenson, | ||
| 260 | _c2000 | ||
| 300 | _a136 pages : | ||
| 300 | _billustrations ; | ||
| 300 | _c18cm. | ||
| 650 | _aBible -- | ||
| 650 | _xFive scrolls. | ||
| 700 | _aTitle. | ||
| 999 |
_c345445 _d345445 |
||